[Event "MGL-ch 52nd"]
[Site "Arvaikheer"]
[Date "2012.04.09"]
[Round "13"]
[White "Bolderdene, Baatar"]
[Black "Gan Od, Sereenen"]
[Result "0-1"]
[WhiteElo "2226"]
[BlackElo "2253"]
[PlyCount "64"]
[EventDate "2012.04.01"]
[EventType "tourn"]
[EventRounds "15"]
[EventCountry "MGL"]
[EventCategory "3"]
[SourceTitle "EXT 2013"]
[Source "ChessBase"]
[SourceDate "2012.11.22"]
[SourceVersion "1"]
[SourceVersionDate "2012.11.22"]
[SourceQuality "1"]

1. e4 c6 2. b3 d5 3. Bb2 Nf6 4. Nc3 d4 5. Nce2 c5 6. Ng3 Nc6 7. Nf3 a6 8. a4 e5 9. Bc4 Be7 10. 0-0 0-0 11. h3 h6 12. Nh2 Bd6 13. Qf3 Ne7 14. Nh5 Nxh5 15. Qxh5 Be6 16. Bxe6 fxe6 17. d3 Qe8 18. Qxe8 Rfxe8 19. Nf3 Nc6 20. Nd2 b5 21. c4 b4 22. g3 Rf8 23. Rab1 Rf7 24. Kg2 Raf8 25. h4 Be7 26. f3 Na5 27. Bc1 h5 28. Rb2 g5 29. hxg5 Bxg5 30. f4 exf4 31. Nf3 Bh6 32. Bd2 Rg7 0-1

[Event "MGL-ch 52nd"]
[Site "Arvaikheer"]
[Date "2012.04.08"]
[Round "12"]
[White "Lkhagvasuren, Tsedvee"]
[Black "Bolderdene, Baatar"]
[Result "1/2-1/2"]
[WhiteElo "2089"]
[BlackElo "2226"]
[PlyCount "103"]
[EventDate "2012.04.01"]
[EventType "tourn"]
[EventRounds "15"]
[EventCountry "MGL"]
[EventCategory "3"]
[SourceTitle "EXT 2013"]
[Source "ChessBase"]
[SourceDate "2012.11.22"]
[SourceVersion "1"]
[SourceVersionDate "2012.11.22"]
[SourceQuality "1"]

1. c4 f5 2. Nf3 Nf6 3. b3 g6 4. Bb2 Bg7 5. g3 0-0 6. Bg2 d6 7. d4 c6 8. 0-0 h6 9. Nc3 Qe8 10. d5 Bd7 11. a3 Na6 12. b4 Rc8 13. Rc1 Nc7 14. Nd4 e5 15. dxe6 Nxe6 16. Nb3 Qe7 17. Qc2 Be8 18. e3 Bf7 19. Ne2 Ng5 20. h4 Ne6 21. Rcd1 Rfd8 22. Nd2 Nc7 23. Nf4 Ne6 24. Ne2 Nf8 25. Rfe1 N8d7 26. Nf4 Ne5 27. e4 g5 28. exf5 gxf4 29. gxf4 Bh5 30. Rc1 Nfd7 31. fxe5 dxe5 32. c5 Kh8 33. Ne4 Qxh4 34. Nd6 Rb8 35. Qc4 Qg5 36. Re3 b6 37. cxb6 Rxb6 38. Nf7+ Bxf7 39. Qxf7 c5 40. Rg3 Qf6 41. Qxf6 Bxf6 42. Rd1 cxb4 43. axb4 Rxb4 44. Ba3 Rd4 45. Rb1 Nb6 46. Bc5 Rd1+ 47. Rxd1 Rxd1+ 48. Bf1 Bd8 49. Rg6 Kh7 50. Re6 Kg7 51. Rg6+ Kh7 52. Re6 1/2-1/2

[Event "MGL-ch 52nd"]
[Site "Arvaikheer"]
[Date "2012.04.07"]
[Round "9"]
[White "Tuvsanaa, Nyamaa"]
[Black "Bolderdene, Baatar"]
[Result "1/2-1/2"]
[WhiteElo "2214"]
[BlackElo "2226"]
[PlyCount "159"]
[EventDate "2012.04.01"]
[EventType "tourn"]
[EventRounds "15"]
[EventCountry "MGL"]
[EventCategory "3"]
[SourceTitle "EXT 2013"]
[Source "ChessBase"]
[SourceDate "2012.11.22"]
[SourceVersion "1"]
[SourceVersionDate "2012.11.22"]
[SourceQuality "1"]

1. d4 f5 2. g3 Nf6 3. Bg2 g6 4. Nh3 Bg7 5. Nf4 Nc6 6. h4 d6 7. d5 Ne5 8. h5 c6 9. hxg6 hxg6 10. Rxh8+ Bxh8 11. dxc6 bxc6 12. Be3 Kf7 13. Nd2 Rb8 14. Bxa7 Rxb2 15. Nb3 Nc4 16. Bxc6 Qc7 17. Bd5+ Nxd5 18. Qxd5+ e6 19. Qh1 Bc3+ 20. Kf1 Qxa7 21. Qh7+ Bg7 22. Qxg6+ Kf8 23. Nxe6+ Bxe6 24. Qxe6 Qf7 25. Qc8+ Ke7 26. Rd1 Qe6 27. Qc7+ Kf8 28. Nc5 Qe7 29. Qc8+ Kf7 30. Qxf5+ Kg8 31. Ne6 Qf7 32. Nxg7 Kxg7 33. Qg4+ Kf8 34. Rd3 Rxc2 35. Qg5 Ke8 36. Rd4 Qe6 37. Qh5+ Kd8 38. Rf4 Rc1+ 39. Kg2 Ne5 40. Rd4 Rc5 41. Qh7 Qd7 42. Qh6 Kc7 43. Qe3 Qc6+ 44. f3 Rc3 45. Qe4 Qxe4 46. Rxe4 Kc6 47. g4 Ra3 48. g5 Kd5 49. Kg3 Rxa2 50. e3 Re2 51. Rd4+ Ke6 52. Re4 d5 53. Rf4 Rxe3 54. Rf6+ Ke7 55. Kf4 d4 56. Ra6 Kf7 57. Rd6 Ng6+ 58. Kg4 d3 59. f4 Ke7 60. Rd4 Ke6 61. f5+ Ke5 62. Rd8 Re4+ 63. Kg3 Nf4 64. f6 Rd4 65. Rxd4 Kxd4 66. Kxf4 d2 67. Kf5 d1Q 68. f7 Qh5 69. Kf6 Qh8+ 70. Ke7 Qg7 71. Ke8 Qg6 72. Ke7 Qxg5+ 73. Ke8 Qe5+ 74. Kf8 Qh8+ 75. Ke7 Qe5+ 76. Kf8 Qe6 77. Kg7 Qg4+ 78. Kh7 Qd7 79. Kg8 Qd5 80. Kf8 1/2-1/2

[Event "MGL-ch 52nd"]
[Site "Arvaikheer"]
[Date "2012.04.04"]
[Round "6"]
[White "Bolderdene, Baatar"]
[Black "Gunbayar, Myagmarsuren"]
[Result "0-1"]
[WhiteElo "2226"]
[BlackElo "2334"]
[PlyCount "116"]
[EventDate "2012.04.01"]
[EventType "tourn"]
[EventRounds "15"]
[EventCountry "MGL"]
[EventCategory "3"]
[SourceTitle "EXT 2013"]
[Source "ChessBase"]
[SourceDate "2012.11.22"]
[SourceVersion "1"]
[SourceVersionDate "2012.11.22"]
[SourceQuality "1"]

1. f4 b6 2. e4 Bb7 3. d3 g6 4. Nf3 Bg7 5. g3 e6 6. Bg2 Ne7 7. 0-0 0-0 8. c3 c5 9. a4 Nbc6 10. Na3 d5 11. e5 a6 12. d4 cxd4 13. cxd4 Rc8 14. Bd2 Nf5 15. Nc2 h5 16. b4 Qd7 17. Bh3 Nce7 18. Re1 Bc6 19. Ne3 Nxe3 20. Rxe3 Rc7 21. Rc3 Rfc8 22. Qb3 Qe8 23. Qa3 Bf8 24. Rac1 Qd8 25. Bf1 Bb7 26. b5 axb5 27. axb5 Nf5 28. Qb2 Rxc3 29. Rxc3 Rxc3 30. Qxc3 Qc8 31. Kf2 Qxc3 32. Bxc3 Bc8 33. Ne1 Bd7 34. Nc2 Be7 35. h3 h4 36. g4 Ng3 37. Bd3 Bxb5 38. Bxb5 Ne4+ 39. Ke3 Nxc3 40. Bf1 b5 41. Kd3 b4 42. Na1 Kf8 43. Kc2 Ke8 44. Bd3 Kd7 45. Kb3 Nd1 46. f5 gxf5 47. gxf5 Nf2 48. fxe6+ fxe6 49. Bf1 Ne4 50. Kc2 Ke8 51. Nb3 Kf7 52. Kd3 Kg6 53. Ke3 Kg5 54. Kf3 Ng3 55. Ba6 Nh5 56. Nc5 Nf4 57. Bf1 Bxc5 58. dxc5 b3 0-1

[Event "MGL-ch 52nd"]
[Site "Arvaikheer"]
[Date "2012.04.02"]
[Round "2"]
[White "Bolderdene, Baatar"]
[Black "Battulga, Namkhai"]
[Result "0-1"]
[WhiteElo "2226"]
[BlackElo "2406"]
[PlyCount "52"]
[EventDate "2012.04.01"]
[EventType "tourn"]
[EventRounds "15"]
[EventCountry "MGL"]
[EventCategory "3"]
[SourceTitle "EXT 2013"]
[Source "ChessBase"]
[SourceDate "2012.11.22"]
[SourceVersion "1"]
[SourceVersionDate "2012.11.22"]
[SourceQuality "1"]

1. e4 c5 2. Nf3 d6 3. c4 e5 4. Nc3 Nc6 5. h3 Nge7 6. d3 Ng6 7. Nd5 Be7 8. g3 f5 9. h4 fxe4 10. h5 exf3 11. hxg6 h6 12. Qxf3 Rf8 13. Qh5 Nd4 14. f4 Be6 15. Ne3 exf4 16. gxf4 Rxf4 17. Be2 Qd7 18. Bd2 0-0-0 19. 0-0-0 Bg5 20. Kb1 Rf2 21. Bf1 Rxd2 22. Rxd2 Bxe3 23. Rd1 Bg4 24. Bh3 Bxh5 25. Bxd7+ Kxd7 26. Rxh5 Rf8 0-1

[Event "MGL-ch"]
[Site "Ulaanbaatar"]
[Date "2010.04.10"]
[Round "13"]
[White "Bolderdene, Baatar"]
[Black "Khatanbaatar, Bazar"]
[Result "1/2-1/2"]
[WhiteElo "2220"]
[BlackElo "2413"]
[PlyCount "104"]
[EventDate "2010.04.03"]
[EventType "tourn"]
[EventRounds "15"]
[EventCountry "MGL"]
[EventCategory "2"]
[SourceTitle "EXT 2011"]
[Source "ChessBase"]
[SourceDate "2010.11.26"]
[SourceVersion "1"]
[SourceVersionDate "2010.11.26"]
[SourceQuality "1"]

1. e4 c5 2. Nf3 e6 3. d4 cxd4 4. Nxd4 a6 5. Bd3 Ne7 6. 0-0 Nbc6 7. Nf3 Ng6 8. Re1 d6 9. c4 Be7 10. Nc3 0-0 11. Be3 Nce5 12. Be2 Qc7 13. Rc1 Nd7 14. Nd4 Re8 15. Qd2 b6 16. b4 Bb7 17. a3 Rac8 18. f3 Qb8 19. Bf1 Bd8 20. Bf2 h6 21. Kh1 Bc7 22. Bg3 Nf6 23. h3 Red8 24. b5 Qa8 25. bxa6 Bxa6 26. Ndb5 Bb8 27. Red1 Bxb5 28. Nxb5 d5 29. Bxb8 Qxb8 30. cxd5 Rxc1 31. Qxc1 exd5 32. exd5 Rxd5 33. Rxd5 Nxd5 34. Bd3 Ngf4 35. Be4 Ne2 36. Qd2 Ndf4 37. Qd7 Ng3+ 38. Kg1 Nxe4 39. fxe4 Ne6 40. Nd6 Qf8 41. e5 Nc5 42. Qc7 Nd3 43. Qxb6 Nxe5 44. Qd4 Qe7 45. Qd5 g6 46. a4 Qa7+ 47. Kh2 Qe3 48. a5 Qf4+ 49. Kh1 Qc1+ 50. Kh2 Qf4+ 51. Kh1 Qf1+ 52. Kh2 Qf4+ 1/2-1/2

[Event "MGL-ch"]
[Site "Ulaanbaatar"]
[Date "2010.04.09"]
[Round "12"]
[White "Bayarmandakh, Balgan"]
[Black "Bolderdene, Baatar"]
[Result "1/2-1/2"]
[WhiteElo "2314"]
[BlackElo "2220"]
[PlyCount "144"]
[EventDate "2010.04.03"]
[EventType "tourn"]
[EventRounds "15"]
[EventCountry "MGL"]
[EventCategory "2"]
[SourceTitle "EXT 2011"]
[Source "ChessBase"]
[SourceDate "2010.11.26"]
[SourceVersion "1"]
[SourceVersionDate "2010.11.26"]
[SourceQuality "1"]

1. d4 Nf6 2. c4 e5 3. e3 exd4 4. exd4 d5 5. Nc3 Be7 6. Nf3 0-0 7. Be2 dxc4 8. Bxc4 a6 9. a4 Nbd7 10. 0-0 Nb6 11. Bb3 Bg4 12. Qd3 Rc8 13. Ne5 c5 14. dxc5 Qxd3 15. Nxd3 Nbd7 16. Re1 Nxc5 17. Nxc5 Bxc5 18. Bg5 Bd4 19. h3 Bxc3 20. bxc3 Rxc3 21. Bxf6 gxf6 22. Bd5 Bc8 23. a5 Rd8 24. Bf3 Bxh3 25. Bxb7 Bc8 26. Bf3 Rc5 27. Rec1 Re5 28. Rc7 Kg7 29. g3 Bf5 30. Ra7 Rd6 31. Rb7 Rd3 32. Bg2 Rc3 33. Rb6 Bd3 34. Rd6 Re6 35. Rb6 Rc5 36. Rb3 Bb5 37. Rb4 Rce5 38. Rbb1 Rd6 39. Rb2 h5 40. Rb4 Rd2 41. Rf4 Rde2 42. Kh2 Rd2 43. Kg1 Rde2 44. Kh2 Rc2 45. Kg1 Rcc5 46. Rd4 Bc6 47. Bxc6 Rxc6 48. Ra2 Rcc5 49. Rda4 Kf8 50. Kg2 Ke7 51. Kh3 Kf8 52. Kg2 Kg7 53. Kh3 Kg6 54. Kg2 f5 55. Rb4 Rb5 56. Rxb5 Rxb5 57. Ra4 f4 58. gxf4 Kf5 59. Kg3 Rb1 60. Rc4 Rb5 61. Ra4 Rb3+ 62. Kg2 Kg4 63. Rd4 Ra3 64. Rd6 Rxa5 65. Rf6 Ra4 66. f5 h4 67. Rxf7 h3+ 68. Kg1 Ra1+ 69. Kh2 Rf1 70. Rg7+ Kxf5 71. Kxh3 a5 72. Ra7 Ra1 1/2-1/2

[Event "MGL-ch"]
[Site "Ulaanbaatar"]
[Date "2010.04.09"]
[Round "11"]
[White "Bolderdene, Baatar"]
[Black "Bilegt, Batkhorol"]
[Result "0-1"]
[WhiteElo "2220"]
[BlackElo "2212"]
[PlyCount "102"]
[EventDate "2010.04.03"]
[EventType "tourn"]
[EventRounds "15"]
[EventCountry "MGL"]
[EventCategory "2"]
[SourceTitle "EXT 2011"]
[Source "ChessBase"]
[SourceDate "2010.11.26"]
[SourceVersion "1"]
[SourceVersionDate "2010.11.26"]
[SourceQuality "1"]

1. e4 c5 2. Nf3 e6 3. d4 cxd4 4. Nxd4 a6 5. Nc3 Qc7 6. Be3 Bb4 7. Qd2 Nf6 8. f3 d5 9. e5 Nfd7 10. f4 Nc5 11. Bd3 Na4 12. 0-0 Nxc3 13. bxc3 Bxc3 14. Qf2 Bxa1 15. Rxa1 Nd7 16. Nf3 b6 17. f5 Nc5 18. fxe6 fxe6 19. Rb1 Nxd3 20. cxd3 0-0 21. Bxb6 Qc3 22. Qe3 Bd7 23. Rc1 Qb2 24. Rc7 Rac8 25. Rxd7 Rxf3 26. gxf3 Rc1+ 27. Qxc1 Qxc1+ 28. Kg2 Qd2+ 29. Bf2 Qxd3 30. f4 Qb5 31. Rd6 Kf7 32. f5 exf5 33. e6+ Ke7 34. Rb6 Qc4 35. a3 g5 36. Be1 Qe2+ 37. Bf2 f4 38. h3 d4 39. Kg1 Qc4 40. Be1 Qc1 41. Kf2 Qe3+ 42. Kf1 Qxh3+ 43. Kg1 Qxe6 44. Bb4+ Kf7 45. Rxe6 Kxe6 46. Kg2 g4 47. Bd2 Kf5 48. Kf2 d3 49. Kg2 Ke4 50. a4 h5 51. a5 h4 0-1

[Event "MGL-ch"]
[Site "Ulaanbaatar"]
[Date "2010.04.08"]
[Round "9"]
[White "Bolderdene, Baatar"]
[Black "Mungunkhuu, Mijgee"]
[Result "1/2-1/2"]
[WhiteElo "2220"]
[BlackElo "2205"]
[PlyCount "20"]
[EventDate "2010.04.03"]
[EventType "tourn"]
[EventRounds "15"]
[EventCountry "MGL"]
[EventCategory "2"]
[SourceTitle "EXT 2011"]
[Source "ChessBase"]
[SourceDate "2010.11.26"]
[SourceVersion "1"]
[SourceVersionDate "2010.11.26"]
[SourceQuality "1"]

1. e4 c5 2. Nf3 d6 3. d4 cxd4 4. Nxd4 Nf6 5. Nc3 a6 6. Bc4 e6 7. Bb3 Nc6 8. Be3 Be7 9. 0-0 0-0 10. Kh1 Qc7 1/2-1/2

[Event "MGL-ch"]
[Site "Ulaanbaatar"]
[Date "2010.04.08"]
[Round "10"]
[White "Gundavaa, Bayarsaihan"]
[Black "Bolderdene, Baatar"]
[Result "1-0"]
[WhiteElo "2471"]
[BlackElo "2220"]
[PlyCount "94"]
[EventDate "2010.04.03"]
[EventType "tourn"]
[EventRounds "15"]
[EventCountry "MGL"]
[EventCategory "2"]
[SourceTitle "EXT 2011"]
[Source "ChessBase"]
[SourceDate "2010.11.26"]
[SourceVersion "1"]
[SourceVersionDate "2010.11.26"]
[SourceQuality "1"]

1. Nf3 c5 2. g3 b6 3. Bg2 Bb7 4. 0-0 Nf6 5. b3 e6 6. Bb2 Be7 7. c4 0-0 8. d3 d6 9. Nbd2 Qc7 10. e4 Nc6 11. Qe2 Rfe8 12. a3 Rad8 13. Rfe1 a6 14. Rac1 Qb8 15. d4 cxd4 16. Nxd4 Ne5 17. h3 Bf8 18. b4 Ned7 19. g4 h6 20. h4 g6 21. Rc3 Bg7 22. Re3 h5 23. f3 hxg4 24. fxg4 Ne5 25. Bh3 Rc8 26. h5 Qc7 27. hxg6 Nxg6 28. Rf1 Nh7 29. g5 Qe7 30. Rg3 Be5 31. Rg2 Nxg5 32. Qh5 Nxh3+ 33. Qxh3 Kg7 34. Qg4 Rg8 35. N2f3 Rxc4 36. Nxe5 dxe5 37. Nf3 Rxe4 38. Qh5 Kf8 39. Ng5 Rh4 40. Qxh4 Nxh4 41. Nh7+ Ke8 42. Nf6+ Kd8 43. Rxg8+ Kc7 44. Bxe5+ Kc6 45. a4 Qxb4 46. Rc1+ Qc5+ 47. Rxc5+ Kxc5 1-0